1001 Albums You Must Hear Before You Die - The 60s - Statistics

General Stats
  • This quiz has been taken 479 times
  • The average score is 83 of 151
Answer Stats
Album Year Artist % Correct
Elvis Is Back! 1960 Elvis Presley
98%
From Elvis In Memphis 1969 Elvis Presley
98%
With The Beatles 1963 The Beatles
98%
A Hard Days Night 1964 The Beatles
98%
Rubber Soul 1965 The Beatles
98%
Revolver 1966 The Beatles
98%
Sgt. Pepper's Lonely Hearts Club Band 1967 The Beatles
98%
The White Album 1968 The Beatles
98%
Abbey Road 1969 The Beatles
98%
The Freewheeling' Bob Dylan 1963 Bob Dylan
95%
Bringing It All Back Home 1965 Bob Dylan
95%
Highway 61 Revisited 1965 Bob Dylan
95%
Blonde On Blonde 1966 Bob Dylan
95%
The Rolling Stones 1964 The Rolling Stones
94%
Aftermath 1966 The Rolling Stones
94%
Beggars Banquet 1968 The Rolling Stones
94%
Let It Bleed 1969 The Rolling Stones
94%
Face To Face 1966 The Kinks
93%
Something Else By The Kinks 1967 The Kinks
93%
The Kinks Are The Village Green Preservation Society 1968 The Kinks
93%
Arthur-Or The Decline And Fall Of The British Empire 1969 The Kinks
93%
Johnny Cash At Folsom Prison 1968 Johnny Cash
92%
Johnny Cash At San Quentin 1969 Johnny Cash
92%
Led Zeppelin 1969 Led Zeppelin
92%
Led Zeppelin II 1969 Led Zeppelin
92%
The Beach Boys Today! 1965 The Beach Boys
92%
Pet Sounds 1966 The Beach Boys
92%
The Doors 1967 The Doors
91%
A Date With The Everly Brothers 1960 The Everly Brothers
90%
The Velvet Underground And Nico 1967 The Velvet Underground
89%
White Light/White Heat 1967 The Velvet Underground
89%
The Velvet Underground 1969 The Velvet Underground
89%
My Generation 1965 The Who
89%
The Who Sell Out 1967 The Who
89%
Tommy 1969 The Who
89%
I Never Loved A Man The Way I Love You 1967 Aretha Franklin
88%
Aretha: Lady Soul 1968 Aretha Franklin
88%
Electric Ladyland 1968 Jimi Hendrix
87%
Joan Baez 1960 Joan Baez
87%
Are You Experienced 1967 The Jimi Hendrix Experience
87%
Axis: Bold As Love 1967 The Jimi Hendrix Experience
87%
Buffalo Springfield Again 1967 Buffalo Springfield
84%
Otis Blue: Otis Redding Sings Soul 1965 Otis Redding
84%
A Girl Called Dusty 1964 Dusty Springfield
82%
Dusty In Memphis 1969 Dusty Springfield
82%
Muddy Waters At Newport 1960 Muddy Waters
82%
The Songs Of Leonard Cohen 1968 Leonard Cohen
81%
Songs From A Room 1969 Leonard Cohen
81%
Mr. Tambourine Man 1965 The Byrds
78%
Fifth Dimension 1966 The Byrds
78%
Younger Than Yesterday 1967 The Byrds
78%
Notorious Byrd Brothers 1968 The Byrds
78%
Sweetheart Of The Rodeo 1968 The Byrds
78%
The Yardbirds/Roger The Engineer 1966 The Yardbirds
78%
Parsley, Sage, Rosemary And Thyme 1966 Simon And Garfunkel
77%
Bookends 1968 Simon And Garfunkel
77%
Music From Big Pink 1968 The Band
77%
The Band 1969 The Band
77%
The Stooges 1969 The Stooges
77%
Disreali Gears 1967 Cream
75%
Crosby, Stills And Nash 1969 Crosby, Stills and Nash
74%
Jazz Samba 1962 Stan Getz And Charlie Byrd
74%
Francis Albert Sinatra & Antonio Carlos Jobim 1967 Francis Albert Sinatra & Antonio Carlos Jobim
73%
Live At The Regal 1965 B.B. King
72%
The Piper At The Gates Of Dawn 1967 Pink Floyd
72%
In The Court Of The Crimson King 1969 King Crimson
63%
Fred Neil 1966 Fred Neil
61%
Bayou Country 1969 Creedence Clearwater Revival
60%
Green River 1969 Creedence Clearwater Revival
60%
Here Are The Sonics 1965 The Sonics
57%
Live At The Apollo 1963 James Brown
56%
Surrealistic Pillow 1967 Jefferson Airplane
56%
Traffic 1968 Traffic
56%
Bert Jansch 1965 Bert Jansch
53%
Hot Rats 1969 Frank Zappa
53%
Astral Weeks 1968 Van Morrison
52%
Green Onions 1962 Booker T. And The M.G.s
51%
Chicago Transit Authority 1969 Chicago
51%
Miriam Makeba 1960 Miriam Makeba
51%
The Psychedelic Sounds Of The 13th Floor Elevators 1966 The 13th Floor Elevators
49%
Blood, Sweat, And Tears 1969 Blood, Sweat, And Tears
48%
Sunshine Superman 1967 Donovan
48%
In-A-Gadda-Da-Vida 1968 Iron Butterfly
48%
In A Silent Way 1969 Miles Davis
47%
Everybody Knows This Is Nowhere 1969 Neil Young & Crazy Horse
45%
Getz/Gilberto 1963 Stan Getz And Joao Gilberto
45%
Moby Grape 1967 Moby Grape
44%
A Love Supreme 1965 John Coltrane
43%
Modern Sounds In Country And Western Music 1962 Ray Charles
43%
Odessey And Oracle 1968 The Zombies
43%
The Sounds Of India 1968 Ravi Shankar
41%
Stand! 1969 Sly And The Family Stone
41%
Da Capo 1967 Love
40%
Forever Changes 1967 Love
40%
Headquarters 1967 The Monkees
40%
Freak Out! 1966 The Mothers Of Invention
40%
Safe As Milk 1967 Captain Beefheart And His Magic Band
39%
Trout Mask Replica 1969 Captain Beefheart And His Magic Band
39%
Live/Dead 1969 The Grateful Dead
39%
Kick Out The Jams 1969 MC5
34%
Ogden's Nut Gone Flake 1968 The Small Faces
34%
Chelsea Girl 1967 Nico
31%
Live At The Harlem Square Club 1963 Sam Cooke
31%
Blues Breakers With Eric Clapton 1966 John Mayall's Blues Breakers
30%
Cloud Nine 1969 The Temptations
30%
Scott 2 1968 Scott Walker
29%
Scott 4 1969 Scott Walker
29%
Cheap Thrills 1968 Big Brother And The Holding Company
27%
If You Can Believe Your Eyes And Ears 1966 The Mamas And Papas
27%
Os Mutantes 1968 Os Mutantes
26%
Five Leaves Left 1969 Nick Drake
25%
Caetano Veloso 1968 Caetano Veloso
23%
The Black Saint And The Sinner Lady 1963 Charles Mingus
23%
Odessa 1969 The Bee Gees
23%
Gris-Gris 1968 Dr. John
22%
Wild Is The Wind 1966 Nina Simone
22%
The United States Of America 1968 The United States Of America
22%
A Christmas Gift For You 1963 Phil Spector
21%
Unhalfbricking 1969 Fairport Convention
20%
Liege And Lief 1969 Fairport Convention
20%
The Gilded Palace Of Sin 1969 Flying Burrito Brothers
20%
I Had Too Much To Dream (Last Night) 1967 The Electric Prunes
20%
Beach Samba 1967 Astrud Gilberto
19%
Groovin' 1967 The Young Rascals
19%
Live At The Star Club, Hamburg 1965 Jerry Lee Lewis
18%
Black Monk Time 1966 The Monks
18%
Hot Buttered Soul 1969 Isaac Hayes
17%
Midnight Ride 1966 Paul Revere And The Raiders
17%
Vincebus Eruptum 1968 Blue Cheer
16%
Truth 1968 Jeff Beck
16%
Eli And The Thirteenth Confession 1968 Laura Nyro
16%
We're Only In It For The Money 1968 The Mothers Of Invention
16%
Back At The Chicken Shack 1960 Jimmy Smith
15%
Don't Come Home A Drinkin' (With Lovin' On Your Mind) 1967 Loretta Lynn
15%
S.F. Sorrow 1968 The Pretty Things
15%
I'm A Lonesome Fugitive 1967 Merle Haggard
12%
Basket Of Light 1969 The Pentangle
12%
Goodbye And Hello 1967 Tim Buckley
12%
Happy Sad 1969 Tim Buckley
12%
Electric Music For The Mind And Body 1967 Country Joe And The Fish
11%
The Hangman's Beautiful Daughter 1968 The Incredible String Band
11%
Sunday At The Village Vanguard 1961 Bill Evans
9%
Olympia 64 1964 Jacques Brel
9%
Happy Trails 1969 Quicksilver Messenger Service
9%
Rock 'n Soul 1964 Solomon Burke
9%
Oar 1969 Alexander Spence
8%
I've Got A Tiger By The Tail 1965 Buck Owens And His Buckaroos
8%
Night Life 1962 Ray Price
6%
Triangle 1967 The Beau Brummels
6%
Call Of The Valley 1967 Shivkumar Sharma/Brijbushan Kabra/Hariprasad Chaurasia
3%
Elephant Mountain 1969 The Youngbloods
3%
No matching quizzes found
Score Distribution
Percent of People with Each Score
Percentile by Number Answered
Your Score History
You have not taken this quiz